| 000 | 00465nab a2200145Ia 4500 | ||
|---|---|---|---|
| 003 | ES-SlBCS | ||
| 005 | 20210601141251.0 | ||
| 008 | 140529s2013 xxu||||| |||| 00| 0 spa d | ||
| 041 | _aspa | ||
| 100 | 1 |
_aSchmidt Andrade, Ciro E. _966943 |
|
| 245 | 0 | 0 |
_aProyectos educativos desde la hermenéutica analógica _c Ciro E. Schmidt Andrade |
| 650 | 0 | 4 |
_aEducación _986687 |
| 773 | 0 |
_tEducaçao e Filosofia _gvol. 27, nº. 53, 2013, págs. 297-322 _wRev1534 |
|
| 942 | _cAR | ||
| 999 |
_c657949 _d657949 |
||